| 000 | 00461nam a2200169Ia 4500 | ||
|---|---|---|---|
| 008 | 230917s9999||||xx |||||||||||||| ||und|| | ||
| 020 | _cRS 1095.00 | ||
| 040 |
_e5004874 _aMAIN |
||
| 041 | _aEnglish | ||
| 082 | _a362.280954792 S13E | ||
| 100 | _aShah, A M, ed. | ||
| 245 | 0 | _aEssays on suicide and self-immolation | |
| 260 |
_aDelhi _bPrimus Books _c2018 |
||
| 300 | _axxxi, 211 p. | ||
| 500 | _a3920 30/12/2019 HBD20/8163 15/01/2020 Main Budget | ||
| 942 | _cBK | ||
| 999 |
_c991 _d991 |
||